The continuity of literature, (Record no. 20597)

MARC details
000 -LEADER
fixed length control field 00630cam a22002171 4500
001 - CONTROL NUMBER
control field e 23000063
003 - CONTROL NUMBER IDENTIFIER
control field DLC
005 - DATE AND TIME OF LATEST TRANSACTION
control field 20260227111214.0
008 - FIXED-LENGTH DATA ELEMENTS--GENERAL INFORMATION
fixed length control field 721106s1922 xx 000 0 eng
010 ## - LIBRARY OF CONGRESS CONTROL NUMBER
LC control number e 23000063
035 ## - SYSTEM CONTROL NUMBER
System control number (OCoLC)486590
040 ## - CATALOGING SOURCE
Original cataloging agency DLC
Transcribing agency OAU
Modifying agency DLC
042 ## - AUTHENTICATION CODE
Authentication code premarc
050 00 - LIBRARY OF CONGRESS CALL NUMBER
Classification number PN58
Item number .G6
100 1# - MAIN ENTRY--PERSONAL NAME
Personal name Gosse, Edmund,
Dates associated with a name 1849-1928
245 14 - TITLE STATEMENT
Title The continuity of literature,
Remainder of title presidential address, 1922,
Statement of responsibility, etc. by Edmund Gosse ...
260 ## - PUBLICATION, DISTRIBUTION, ETC.
Place of publication, distribution, etc. [Oxford,
Name of publisher, distributor, etc. Oxford university press]
Date of publication, distribution, etc. 1922.
300 ## - PHYSICAL DESCRIPTION
Extent 15 p.
Dimensions 25 cm.
490 0# - SERIES STATEMENT
Series statement The English association. Pamphlet
Volume/sequential designation no. 54
650 #0 - SUBJECT ADDED ENTRY--TOPICAL TERM
Topical term or geographic name entry element Literature.

No items available.

Powered by Koha